| 000 | 00914nas a2200253 i 4500 | ||
|---|---|---|---|
| 003 | DO-SdUA | ||
| 005 | 20260129132358.0 | ||
| 007 | ta | ||
| 008 | 260129e1976 dr b p|r| || | spa d | ||
| 035 | _a(DO-SdUA)43267 | ||
| 040 |
_aDO-SdUA _bspa _cDO-SdUA _dDO-SdBNP _erda |
||
| 041 | 0 | _aspa | |
| 245 | 0 | 3 |
_aEl espiritista : _bórgano de difusión de la Escuela Espiritista Hija de la Verdad. |
| 264 |
_aSanto Domingo, República Dominicana : _bEscuela Espiritista Hija de la Verdad, _c1976-. |
||
| 300 |
_avolumen : _bilustraciones ; _c27.5 cm. |
||
| 310 | _aBimestral. | ||
| 336 |
_atexto _btxt _2rdacontent |
||
| 337 |
_asin mediación _bn _2rdamedia |
||
| 338 |
_avolumen _bnc _2rdacarrier |
||
| 362 | _aAño 1, Núm. 1, octubre 1976. | ||
| 650 | 7 |
_aEspiritismo _vPublicaciones periódicas _2lemb _988924 _zRepública Dominicana |
|
| 710 | 2 |
_aEscuela Espiritista Hija de la Verdad _988925 |
|
| 942 |
_2ddc _cISSUE |
||
| 999 |
_c60164 _d60164 |
||